00450 2200181 4500001002100000005001700021008004100038020002200079035002500101041000700126082001000133090001600143100001900159245001900178250000600197260003800203300002700241INLIS0000000000071680:yyyyMMddHHmmss180719||||||||| | ||| |||| || |  a978-979-29-1563-1 a0010-031300000007168 aid0 a005.3 a005.3 SIR z0 aEdison Siregar00aZend Framework a1 aYogyakartabANDI Yogyakartac2010 axii + 206 hal.; 23 cm.